4-Letter Click Blitz Quiz Stats

Quiz Updated Apr 24, 2016

Challenge
Share
Tweet
Embed
Score 0/40 Timer 04:00
0 Plays Today
% Correct
July
90.7%
Ohio
90%
Pawn
88.6%
Lisa
87.8%
Five
87.2%
Zinc
86.5%
Peru
85.9%
Posh
85.6%
Verb
85.3%
Ruby
85.1%
Maui
84.7%
Zeus
84.7%
Kirk
84.3%
Harp
84.1%
Rams
78.6%
Mets
77.3%
Taft
77.1%
Plum
74.4%
Help
72.2%
Stan
72.1%
% Correct
Iota
71.3%
Pius
70.2%
Bolt
69.5%
Rent
69%
Cujo
68.3%
Lost
67.6%
Jazz
67.1%
Acts
65.5%
Kent
64.5%
Anne
63.2%
Riga
61.6%
Cage
61.4%
Ezra
54.1%
Juno
49.4%
Golf
43.6%
Abra
41.2%
Lyra
40.6%
Cook
33.7%
Buck
27.1%
Peel
26%

You're not logged in!

Compare scores with friends on all Sporcle quizzes.
Join for Free
OR
Log In

You Might Also Like...

Show Comments

Extras

Top Quizzes Today


Score Distribution

Your Account Isn't Verified!

In order to create a playlist on Sporcle, you need to verify the email address you used during registration. Go to your Sporcle Settings to finish the process.

Report this User

Report this user for behavior that violates our Community Guidelines.

Details: